header

Thomas Hardy (Record no. 194168)

MARC details
000 -LEADER
fixed length control field 01151nam a2200301Ia 4500
245 00 - TITLE STATEMENT
Title Thomas Hardy
260 ## - PUBLICATION, DISTRIBUTION, ETC. (IMPRINT)
Place of publication London ;
-- New York :
Name of publisher Routledge,
Year of publication 1979.
300 ## - PHYSICAL DESCRIPTION
Number of Pages xxxviii, 479 p.
490 1# - SERIES STATEMENT
Series statement The critical heritage series
650 #0 - SUBJECT ADDED ENTRY--TOPICAL TERM
Topical Term English literature
700 1# - ADDED ENTRY--PERSONAL NAME
Personal name Cox, R. G.
856 40 - ELECTRONIC LOCATION AND ACCESS
Uniform Resource Identifier http://site.ebrary.com/lib/rucke/Doc?id=10095812

No items available.

© 2026 Rongo University
Contact us: librarian | system librarian | Rongo university